<?xml version="1.0" encoding="UTF-8"?>
<record
    xmlns:xsi="http://www.w3.org/2001/XMLSchema-instance"
    xsi:schemaLocation="http://www.loc.gov/MARC21/slim http://www.loc.gov/standards/marcxml/schema/MARC21slim.xsd"
    xmlns="http://www.loc.gov/MARC21/slim">

  <leader>01324nam a2200385 a 4500</leader>
  <controlfield tag="001">000010611</controlfield>
  <controlfield tag="003">DO-SdBNP</controlfield>
  <controlfield tag="005">20170927110129.0</controlfield>
  <controlfield tag="007">000010611</controlfield>
  <controlfield tag="008">091008s2001    dr            000 0 spa d</controlfield>
  <datafield tag="020" ind1=" " ind2=" ">
    <subfield code="a">9993431117</subfield>
  </datafield>
  <datafield tag="040" ind1=" " ind2=" ">
    <subfield code="a">BPMSU</subfield>
    <subfield code="b">spa</subfield>
    <subfield code="c">BPMSU</subfield>
  </datafield>
  <datafield tag="041" ind1="0" ind2=" ">
    <subfield code="a">spa</subfield>
    <subfield code="a"> </subfield>
  </datafield>
  <datafield tag="049" ind1=" " ind2=" ">
    <subfield code="a"> </subfield>
  </datafield>
  <datafield tag="082" ind1=" " ind2=" ">
    <subfield code="a">861.44 </subfield>
    <subfield code="b">P153c</subfield>
  </datafield>
  <datafield tag="092" ind1=" " ind2=" ">
    <subfield code="a"> </subfield>
  </datafield>
  <datafield tag="245" ind1="1" ind2="3">
    <subfield code="a">La palabra como cuerpo del delito /</subfield>
    <subfield code="c">Di&#xF3;-genes Abre&#xFA;  y  Dagoberto L&#xF3;pez-Co&#xF1;o,  editores</subfield>
  </datafield>
  <datafield tag="260" ind1=" " ind2=" ">
    <subfield code="a">Santo Domingo :</subfield>
    <subfield code="b">Secretar&#xED;a de Estado de Cultura ; </subfield>
    <subfield code="b">Biblioteca Nacional Dr. Pedro Henriquez Ure&#xF1;a,</subfield>
    <subfield code="c">2001.</subfield>
  </datafield>
  <datafield tag="300" ind1=" " ind2=" ">
    <subfield code="a">235 p. ;</subfield>
    <subfield code="c">23 cm.</subfield>
  </datafield>
  <datafield tag="490" ind1="1" ind2=" ">
    <subfield code="a">Biblioteca Nacional &#xA8;Dr. Pedro Henr&#xED;quez Ure&#xF1;a&#xA8; ;</subfield>
    <subfield code="v">5</subfield>
  </datafield>
  <datafield tag="490" ind1="1" ind2=" ">
    <subfield code="a">Poes&#xED;a ;</subfield>
    <subfield code="v">3</subfield>
  </datafield>
  <datafield tag="504" ind1=" " ind2=" ">
    <subfield code="a">Incluye bibliograf&#xED;as (p. 234-235).</subfield>
  </datafield>
  <datafield tag="546" ind1=" " ind2=" ">
    <subfield code="a">Poemas en espa&#xF1;ol y en ingl&#xE9;s</subfield>
  </datafield>
  <datafield tag="650" ind1=" " ind2="4">
    <subfield code="a">POES&#xCD;AS DOMINICANA</subfield>
    <subfield code="x">COLECCIONES</subfield>
  </datafield>
  <datafield tag="650" ind1=" " ind2="4">
    <subfield code="a">LITERATURA DOMINICANA</subfield>
  </datafield>
  <datafield tag="650" ind1=" " ind2="4">
    <subfield code="a">AUTORES DOMINICANOS</subfield>
    <subfield code="v">BIOGRAF&#xCD;AS</subfield>
  </datafield>
  <datafield tag="651" ind1=" " ind2=" ">
    <subfield code="a">REP&#xDA;BLICA DOMINICANA</subfield>
    <subfield code="x">ANTOLOG&#xCD;AS LITERARIAS</subfield>
  </datafield>
  <datafield tag="700" ind1="1" ind2=" ">
    <subfield code="a">L&#xF3;pez-Co&#xF1;o, Dagoberto</subfield>
  </datafield>
  <datafield tag="830" ind1=" " ind2="0">
    <subfield code="a">Biblioteca Nacional  &#xA8;Dr. Pedro Henr&#xED;quez Ure&#xF1;a&#xA8;;</subfield>
    <subfield code="v">5</subfield>
  </datafield>
  <datafield tag="830" ind1=" " ind2="0">
    <subfield code="a">Poes&#xED;a ;</subfield>
    <subfield code="v"> 3</subfield>
  </datafield>
  <datafield tag="942" ind1=" " ind2=" ">
    <subfield code="2">ddc</subfield>
    <subfield code="c">BK</subfield>
  </datafield>
  <datafield tag="945" ind1=" " ind2=" ">
    <subfield code="a">Inventariado / 2017 VM</subfield>
  </datafield>
  <datafield tag="952" ind1=" " ind2=" ">
    <subfield code="0">0</subfield>
    <subfield code="1">0</subfield>
    <subfield code="2">ddc</subfield>
    <subfield code="4">0</subfield>
    <subfield code="7">0</subfield>
    <subfield code="8">CD</subfield>
    <subfield code="a">BPMET</subfield>
    <subfield code="b">BPMET</subfield>
    <subfield code="d">2015-04-15</subfield>
    <subfield code="e">Biblioteca Nacional Pedro Henr&#xED;quez Ure&#xF1;a</subfield>
    <subfield code="l">0</subfield>
    <subfield code="o">RD861.44  P153c</subfield>
    <subfield code="p">BPMSU15041236</subfield>
    <subfield code="r">2015-04-15</subfield>
    <subfield code="w">2015-04-15</subfield>
    <subfield code="y">BK</subfield>
  </datafield>
  <datafield tag="952" ind1=" " ind2=" ">
    <subfield code="0">0</subfield>
    <subfield code="1">0</subfield>
    <subfield code="2">ddc</subfield>
    <subfield code="4">0</subfield>
    <subfield code="7">0</subfield>
    <subfield code="8">CD</subfield>
    <subfield code="a">BPMET</subfield>
    <subfield code="b">BPMET</subfield>
    <subfield code="d">2015-04-15</subfield>
    <subfield code="e">Biblioteca Nacional Pedro Henr&#xED;quez Ure&#xF1;a</subfield>
    <subfield code="l">0</subfield>
    <subfield code="o">RD861.44  P153c</subfield>
    <subfield code="p">BPMSU15041237</subfield>
    <subfield code="r">2015-04-15</subfield>
    <subfield code="t">e. 2</subfield>
    <subfield code="w">2015-04-15</subfield>
    <subfield code="y">BK</subfield>
  </datafield>
  <datafield tag="952" ind1=" " ind2=" ">
    <subfield code="0">0</subfield>
    <subfield code="1">0</subfield>
    <subfield code="2">ddc</subfield>
    <subfield code="4">0</subfield>
    <subfield code="7">0</subfield>
    <subfield code="8">CD</subfield>
    <subfield code="a">BPMET</subfield>
    <subfield code="b">BPMET</subfield>
    <subfield code="d">2015-04-15</subfield>
    <subfield code="e">Biblioteca Nacional Pedro Henr&#xED;quez Ure&#xF1;a</subfield>
    <subfield code="l">0</subfield>
    <subfield code="o">RD861.44  P153c</subfield>
    <subfield code="p">BPMSU15041238</subfield>
    <subfield code="r">2015-04-15</subfield>
    <subfield code="t">e. 3</subfield>
    <subfield code="w">2015-04-15</subfield>
    <subfield code="y">BK</subfield>
  </datafield>
  <datafield tag="956" ind1=" " ind2=" ">
    <subfield code="a">Validado. Control de calidad MFF</subfield>
  </datafield>
  <datafield tag="956" ind1=" " ind2=" ">
    <subfield code="a">VMATEO</subfield>
    <subfield code="b">10</subfield>
    <subfield code="c">20160408</subfield>
    <subfield code="d">BPMSU</subfield>
    <subfield code="f">0061</subfield>
  </datafield>
  <datafield tag="999" ind1=" " ind2=" ">
    <subfield code="c">7649</subfield>
    <subfield code="d">7649</subfield>
  </datafield>
</record>
